Moment distribution in theory and practice (Record no. 52155)
[ view plain ]
| 000 -LEADER | |
|---|---|
| fixed length control field | 01005nam a2200277 a 4500 |
| 001 - CONTROL NUMBER | |
| control field | 52155 |
| 003 - CONTROL NUMBER IDENTIFIER | |
| rucl marc code | BD-RjUL |
| 005 - DATE AND TIME OF LATEST TRANSACTION | |
| control field | 20211209075748.0 |
| 008 - FIXED-LENGTH DATA ELEMENTS--GENERAL INFORMATION | |
| fixed length control field | 160906s1964 nyu 000 0 eng |
| 035 ## - SYSTEM CONTROL NUMBER | |
| System control number | (BD-RjUL)52275 |
| System control number | (OCoLC)1086862 |
| 040 ## - CATALOGING SOURCE | |
| Original cataloging agency | DLC |
| Transcribing agency | TxLT |
| Modifying agency | Uk |
| -- | DLC |
| -- | BD-RjUL |
| Language of cataloging | eng |
| 041 ## - LANGUAGE CODE | |
| Language code of text/sound track or separate title | eng |
| 082 ## - DEWEY DECIMAL CLASSIFICATION NUMBER | |
| Classification number | 624.17 |
| Author mark and year | BUM 1964 |
| 100 1# - MAIN ENTRY--PERSONAL NAME | |
| Personal name | Bull, Frank Bertram. |
| 9 (RLIN) | 156012 |
| 245 10 - TITLE STATEMENT | |
| Title | Moment distribution in theory and practice |
| Statement of responsibility, etc. | [by] F. B. Bull [and] G. Sved. |
| 260 ## - PUBLICATION, DISTRIBUTION, ETC. (IMPRINT) | |
| Place of publication, distribution, etc. | Oxford; |
| -- | New York: |
| Name of publisher, distributor, etc. | Pergamon Press; |
| -- | Macmillan, |
| Date of publication, distribution, etc. | 1964 |
| 300 ## - PHYSICAL DESCRIPTION | |
| Pagination | xii, 294 p. : |
| Illustrations | illus. |
| Size | 20 cm. |
| 500 ## - GENERAL NOTE | |
| General note | "124." |
| 504 ## - BIBLIOGRAPHY, ETC. NOTE | |
| Bibliography, etc | Includes bibliography: p. 293. |
| 650 #0 - SUBJECT ADDED ENTRY--TOPICAL TERM | |
| Topical term or geographic name as entry element | Structural analysis (Engineering) |
| 9 (RLIN) | 156014 |
| 700 1# - ADDED ENTRY--PERSONAL NAME | |
| Personal name | Sved, George, |
| Dates associated with a name | 1910- , |
| Relator term | jt. auth. |
| 942 ## - ADDED ENTRY ELEMENTS (KOHA) | |
| Source of classification or shelving scheme | Dewey Decimal Classification |
| Koha item type | Books |
| Lost status | Source of classification or shelving scheme | Damaged status | Not for loan | Collection code | Permanent Location | Current Location | Shelving location | Date acquired | Source of acquisition | Total Checkouts | Full call number | Date last seen | Copy number | Koha item type |
|---|---|---|---|---|---|---|---|---|---|---|---|---|---|---|
| Dewey Decimal Classification | Non-fiction | Central Library, University of Rajshahi | Central Library, University of Rajshahi | 27/06/1988 | N/A | 624.17 BUM 1964 | 06/09/2016 | C-1 | Books |